000 02742nam a2200421 a 4500
001 000022440
003 DO-SdBNP
005 20170925103120.0
007 000022440
008 090702s2007 dr c 001 0 spa d
020 _a8493063827
040 _aBPMSU
_bspa
_cBPMSU
082 4 _a305.8097293
_bA577i, 2007
100 1 _aAndújar, Carlos,
_d1956-
245 1 0 _aIdentidad cultural y religiosidad popular /
_cCarlos Andújar ; prólogo Marcio Veloz Maggiolo.
260 _aSanto Domingo :
_bLetra Gráfica Breve,
_c2007
300 _a238 p. :
_bretr. ;
_c22 cm.
504 _aIncluye referencias bibliográficas y notas al pie de las páginas.
505 0 _tPrólogo /
_rMarcio Veloz Maggiolo --
_tPresentación --
_tLa identidad cultural dominicana --
_tEl proceso de conformación de la identidad cultural dominicana --
_tLas relaciones étnico-raciales en la República Dominicana --
_tLas problemática de la identidad cultural caribeña --
_tEl mulataje una categoría bio-cultural --
_tAlgunas consideraciones en torno al eje sobre la identidad cultural dominicana --
_tPerfil cultural dominicano y calidad de la producción --
_tEl sincretismo cultural domínico-haitiano --
_tLa cultura en la época de la globalización --
_tRacismo y política en República Dominicana --
_tLa identidad cultural dominicana y sus fantasmas --
_tNotas sobre el folklore --
_tLa religiosidad popular --
_tLas características de la religiosidad popular dominicana --
_tReligiosidad popular e identidad cultural dominicana --
_tEl culto al Barón del cementerio y el vudú dominicano --
_tSexualidad y religiosidad popular en los bateyes de República Dominicana --
_tEl bando de palo, ceremonia de culto a los muertos en la República Dominicana --
_tSimbología y representación escénica del gagá.
650 4 _aIDENTIDAD CULTURAL
_zREPÚBLICA DOMINICANA
650 4 _aETNICIDAD
_zREPÚBLICA DOMINICANA
651 4 _aREPÚBLICA DOMINICANA
_xCIVILIZACIÓN
651 4 _aREPÚBLICA DOMINICANA
_xRELACIONES RACIALES
651 4 _aREPÚBLICA DOMINICANA
_xRELIGIÓN
651 4 _aREPÚBLICA DOMINICANA
_xVIDA SOCIAL Y COSTUMBRES
700 1 _aVeloz Maggiolo, Marcio,
_d1936-
_epról.
910 _aValidado. Control de calidad BNPHU.
930 1 _lBND01
_mLF1
_820130520
_f01
_pOI
_g37027
930 1 _lBND01
_mLF1
_h305.8097293
_820101206
_f04
_pHD
_g14788
_he. 3
930 1 _lBND01
_mLF1
_h305.8097293
_820121008
_f04
_pHD
_g34716
_he. 4
930 1 _lBND01
_mLF1
_h305.8097293
_820101011
_f01
_pHD
_g14788
942 _2ddc
_cBK
945 _aInventariado, 2017/MFF
956 _aSARMENTERO
_b10
_c20101011
_lBND01
_h1109
956 _aVMATEO
_b10
_c20101012
_lBND01
_h1139
956 _aMMOLINA
_b40
_c20120320
_lBND01
_h1425
956 _aVMATEO
_b10
_c20150623
_lBPMETSU
_h00151
999 _c7930
_d7930